000 00273nam a22001097a 4500
008 170125b xxu||||| |||| 00| 0 eng d
020 _a9780683085082
041 _aeng
080 _22ND
_a61
245 _aGUIDE TO CLINICAL PREVENTIVE SERVICES
_cDIGUISSEPI, C
942 _2udc
_cBK
999 _c3684
_d3684